Titres de chansons traduits littéralement #2 - Statistiques

Statistiques générales
  • Ce quiz a été pris 18 fois
  • Le résultat moyen est 2 sur 15
Statistiques - réponses
Titres Artiste Réponse % Correct
Je Fais le Tour The Beach Boys I Get Around
65%
Oignon de Verre The Beatles Glass Onion
47%
Cannibale Daryl Hall & John Oates (ou) Nelly Furtado Maneater
35%
Bébé Chialeur Janis Joplin Cry Baby
18%
Beaucoup d'Amour Entier Led Zeppelin Whole Lotta Love
12%
Y'a Pas de Tombe Johnny Cash Ain't No Grave
6%
Jeune Fille Non Mariée Björk Bachelorette
6%
Le Tour de France Queen Bicycle Race
6%
Musique De Fin (De Film) Radiohead Exit Music (For A Film)
6%
Chasser en Haut et en Bas a-ha Hunting High and Low
6%
Défibrile Mon Coeur Mötley Crüe Kickstart My Heart
6%
Peut-être, Éventuellement, Possiblement Doris Day Perhaps, Perhaps, Perhaps
6%
Plutôt du Coin twenty one pilots Fairly Local
0%
Perte Auditive Thom Yorke Hearing Damage
0%
(Je Ne Suis Pas Ta) Pierre de Gué The Monkees (I'm Not Your) Steppin' Stone
0%
Aucun quiz correspondant
Distribution des résultats
% des personnes avec chaque résultat
Percentile par nombre de réponses
Votre historique - résultats
Vous n’avez pas pris ce quiz